| 000 | 00990nam0a22002411 4500 | ||
|---|---|---|---|
| 001 | rc\2733925 | ||
| 005 | 20260407054944.0 | ||
| 035 | _a(NLR Aleph) 006861260 | ||
| 090 |
_a6850008 _c6850008 |
||
| 100 | _a20110915d1937 |||y0rusy50 ca | ||
| 101 | 0 | _arus | |
| 102 | _aRU | ||
| 105 | _ac z ||||| | ||
| 200 | 1 |
_aЗа высокую грамотность _e(Соц. соревнование в школах Куйбышев. обл.) _fПод общ. ред. М. Долинко _gКуйбышев. обл. отд. нар. образ. |
|
| 210 |
_a[Куйбышев] _cКуйбышев. изд-во _d1937 _gтип. им. Мяги |
||
| 215 |
_aОбл., 48, [2] с. _cпортр. _d23х15 см. |
||
| 702 | 1 |
_aДолинко _bМ. _4340 |
|
| 712 | 0 | 2 |
_aКуйбышевский областной отдел народного образования _3RU\NLR\AUTH\8810025408 _9549061 |
| 801 | 0 |
_aRU _bNLR _gpsbo |
|
| 801 | 1 |
_aRU _bELAR _2rusmarc |
|
| 852 |
_aNLR _j37-11/364 |
||
| 942 | _cBOOK | ||
| 980 | _aNB | ||